[Event "Titled Tuesday intern op 02nd Apr Late"]
[Site "Chess.com INT"]
[Date "2024.04.02"]
[Round "5"]
[White "Ho, In Hei Henry"]
[Black "Krzywda, Andrzej"]
[Result "1-0"]
[WhiteElo "1762"]
[BlackElo "2214"]
[PlyCount "109"]
[EventDate "2024.04.02"]
[EventType "swiss (blitz)"]
[EventRounds "11"]
[EventCountry "USA"]
[SourceTitle "CB15_2024"]
[SourceDate "2024.04.10"]
[SourceVersion "1"]
[SourceVersionDate "2024.04.10"]
[SourceQuality "1"]

1. d4 Nf6 2. c4 e6 3. Nf3 d5 4. Nc3 a6 5. cxd5 exd5 6. Bf4 Bd6 7. Bg3 c6 8. e3 Bf5 9. Bd3 Bxd3 10. Qxd3 0-0 11. 0-0 Re8 12. a4 a5 13. Ne5 Na6 14. Qf5 g6 15. Qf3 Qe7 16. Bh4 Kg7 17. Ng4 Nxg4 18. Bxe7 Nxh2 19. Qf6+ Kg8 20. Qxd6 Ng4 21. Bg5 Re6 22. Qf4 f5 23. Rae1 Nb4 24. Qc7 h6 25. Qxb7 Rae8 26. Bf4 Nd3 27. Rd1 Nb4 28. f3 Nf6 29. Bxh6 R8e7 30. Qa8+ Kh7 31. Bg5 Rf7 32. Bxf6 Rexf6 33. Qxa5 Nc2 34. Rd3 f4 35. e4 Ne3 36. Re1 Nc4 37. Qc5 Nxb2 38. Rd2 Nc4 39. Ra2 Rb7 40. Nxd5 cxd5 41. Qxd5 Rc7 42. e5 Rf5 43. a5 Ne3 44. Qe4 Rc3 45. Rxe3 Rxe3 46. Qb7+ Kh6 47. a6 Re1+ 48. Kf2 Rb1 49. Qe4 Rb2+ 50. Rxb2 Rf7 51. Rb7 Rxb7 52. axb7 Kg5 53. b8Q Kh4 54. Qd8+ g5 55. Qh8# 1-0

[Event "Titled Tuesday intern op 02nd Apr Late"]
[Site "Chess.com INT"]
[Date "2024.04.02"]
[Round "4"]
[White "Krzywda, Andrzej"]
[Black "Zavgorodniy, Sergiy"]
[Result "0-1"]
[WhiteElo "2214"]
[BlackElo "2379"]
[PlyCount "68"]
[EventDate "2024.04.02"]
[EventType "swiss (blitz)"]
[EventRounds "11"]
[EventCountry "USA"]
[SourceTitle "CB15_2024"]
[SourceDate "2024.04.10"]
[SourceVersion "1"]
[SourceVersionDate "2024.04.10"]
[SourceQuality "1"]

1. e4 c6 2. d4 d5 3. exd5 cxd5 4. Bd3 Nc6 5. c3 Nf6 6. Bf4 Bg4 7. Qb3 Qd7 8. Nd2 e6 9. Ngf3 Bd6 10. Bxd6 Qxd6 11. 0-0 0-0 12. Rae1 Rab8 13. a4 Bh5 14. Re3 Bg6 15. Qc2 a6 16. Rfe1 Rfc8 17. Bxg6 hxg6 18. Ng5 Nxd4 19. Qd3 Nf5 20. Rh3 Nh6 21. Ndf3 Re8 22. Ne5 Re7 23. Rxh6 gxh6 24. Ngxf7 Rxf7 25. Qxg6+ Rg7 26. Qxf6 Rf8 27. Qxh6 Rf5 28. Nd3 Kf7 29. Nc5 Rf6 30. Qh5+ Ke7 31. b4 Qf4 32. f3 Qd2 33. Rxe6+ Rxe6 34. Qh4+ Rf6 0-1

[Event "Titled Tuesday intern op 02nd Apr Late"]
[Site "Chess.com INT"]
[Date "2024.04.02"]
[Round "9"]
[White "Palacio, Igor Da Paz"]
[Black "Krzywda, Andrzej"]
[Result "1-0"]
[WhiteElo "2172"]
[BlackElo "2214"]
[PlyCount "131"]
[EventDate "2024.04.02"]
[EventType "swiss (blitz)"]
[EventRounds "11"]
[EventCountry "USA"]
[SourceTitle "CB15_2024"]
[SourceDate "2024.04.10"]
[SourceVersion "1"]
[SourceVersionDate "2024.04.10"]
[SourceQuality "1"]

1. e4 e5 2. Nf3 Nf6 3. Nc3 Bb4 4. Bc4 Bxc3 5. dxc3 d6 6. 0-0 Nbd7 7. Re1 h6 8. h3 Nc5 9. Nd2 g5 10. b4 Ne6 11. Bxe6 Bxe6 12. Qe2 Kf8 13. Nc4 Qe7 14. f3 Nh5 15. Ne3 Nf4 16. Qf1 h5 17. Nf5 Qf6 18. g4 hxg4 19. hxg4 Nh3+ 20. Kg2 Bxf5 21. exf5 Qh6 22. Be3 Nf4+ 23. Bxf4 Qh3+ 24. Kf2 gxf4 25. Qxh3 Rxh3 26. Rh1 Rxh1 27. Rxh1 Kg7 28. g5 Rg8 29. c4 a5 30. a3 a4 31. c3 b6 32. Rh5 Rd8 33. Ke2 c6 34. Kd3 d5 35. cxd5 cxd5 36. Rh1 Rc8 37. Rh4 b5 38. Rh6 Rc4 39. Rd6 e4+ 40. Kd2 e3+ 41. Kd3 e2 42. Kxe2 Rxc3 43. Rxd5 Re3+ 44. Kf2 Rxa3 45. Rxb5 Ra2+ 46. Ke1 a3 47. Ra5 Ra1+ 48. Kf2 a2 49. Kg2 Rb1 50. Rxa2 Rxb4 51. Ra5 Rb3 52. Ra4 Rb2+ 53. Kh3 Rb1 54. Kg4 Rg1+ 55. Kxf4 Rg2 56. Ra6 Rg1 57. Ra7 Rb1 58. g6 Rb4+ 59. Kg5 Rb1 60. Rxf7+ Kg8 61. Ra7 Rb8 62. Kf6 Kf8 63. g7+ Kg8 64. Kg6 Rb7 65. Ra8+ Rb8 66. Rxb8# 1-0

[Event "Titled Tuesday intern op 13th Feb Early"]
[Site "Chess.com INT"]
[Date "2024.02.13"]
[Round "1"]
[White "Krzywda, Andrzej"]
[Black "Lagno, Kateryna"]
[Result "1-0"]
[WhiteElo "2211"]
[BlackElo "2542"]
[PlyCount "167"]
[EventDate "2024.02.13"]
[EventType "swiss (blitz)"]
[EventRounds "11"]
[EventCountry "USA"]
[SourceTitle "CB08_2024"]
[SourceDate "2024.02.21"]
[SourceVersion "1"]
[SourceVersionDate "2024.02.21"]
[SourceQuality "1"]

1. e4 e5 2. Nf3 Nc6 3. Bb5 a6 4. Ba4 d6 5. 0-0 Bd7 6. c4 Nf6 7. Nc3 Bg4 8. d3 Nd7 9. h3 Bxf3 10. Qxf3 Nd4 11. Qg3 c6 12. Bd1 g6 13. Ne2 Nxe2+ 14. Bxe2 Bg7 15. Be3 0-0 16. b4 Qe7 17. Rab1 f5 18. Bg5 Qf7 19. exf5 gxf5 20. f4 Kh8 21. Bf3 Rae8 22. Rfe1 Rg8 23. Qh4 Nf6 24. Bxf6 Bxf6 25. Qh6 Re7 26. b5 axb5 27. cxb5 c5 28. a4 b6 29. a5 bxa5 30. b6 e4 31. dxe4 Bd4+ 32. Kh1 Rge8 33. Bh5 Qg7 34. Qxd6 Rg8 35. Bf3 fxe4 36. Rxe4 Rd7 37. Qe6 a4 38. Re2 a3 39. b7 Rdd8 40. Bd5 Rgf8 41. b8Q Rxb8 42. Rxb8 Rxb8 43. Qe8+ Qf8 44. Qd7 Rd8 45. Qe6 Qxf4 46. Re1 Qf6 47. Qe4 Rf8 48. Bc4 Qf2 49. Rf1 Qxf1+ 50. Bxf1 Rxf1+ 51. Kh2 Rf8 52. Qd5 Kg7 53. h4 h6 54. Kh3 Rf4 55. g3 Rf7 56. h5 Rf6 57. Qd7+ Kf8 58. Qd5 Ke7 59. g4 Rd6 60. Qe4+ Kd7 61. Qb7+ Kd8 62. Qb8+ Ke7 63. Qb7+ Ke6 64. Qe4+ Kf6 65. Qf5+ Ke7 66. g5 hxg5 67. Qxg5+ Bf6 68. Qe3+ Re6 69. Qxc5+ Kf7 70. Qxa3 Bg5 71. Qb3 Bh6 72. Kg4 Ke7 73. Qb7+ Kf6 74. Qf3+ Ke5 75. Qf5+ Kd6 76. Qd3+ Ke5 77. Qe2+ Kf6 78. Qf3+ Ke5 79. Qf5+ Kd6 80. Qd3+ Ke5 81. Qc3+ Kd5 82. Qb3+ Ke5 83. Qb5+ Ke4 84. Qf5+ 1-0

[Event "Titled Tuesday intern op 13th Feb Late"]
[Site "Chess.com INT"]
[Date "2024.02.13"]
[Round "1"]
[White "Krzywda, Andrzej"]
[Black "Sarana, Alexey"]
[Result "1-0"]
[WhiteElo "2211"]
[BlackElo "2697"]
[PlyCount "99"]
[EventDate "2024.02.13"]
[EventType "swiss (blitz)"]
[EventRounds "11"]
[EventCountry "USA"]
[SourceTitle "CB08_2024"]
[SourceDate "2024.02.21"]
[SourceVersion "1"]
[SourceVersionDate "2024.02.21"]
[SourceQuality "1"]

1. e4 c5 2. Nf3 e6 3. d4 cxd4 4. Nxd4 Nc6 5. Bf4 d6 6. Nxc6 bxc6 7. c4 e5 8. Be3 Nf6 9. Bd3 Ng4 10. Bc1 Qh4 11. Qe2 Be7 12. Nd2 Nf6 13. 0-0 0-0 14. c5 dxc5 15. Nc4 Nd7 16. Be3 Re8 17. Rac1 Bf8 18. Rfd1 Nf6 19. f3 Nh5 20. Qf2 Qf6 21. g3 Bh3 22. Be2 Qg6 23. Kh1 h6 24. g4 Nf6 25. Qh4 Bxg4 26. fxg4 Qxe4+ 27. Kg1 Qg6 28. Qg3 Nd5 29. Bf3 e4 30. Bg2 Be7 31. Re1 Rad8 32. h3 Bf6 33. Rcd1 Nxe3 34. Nxe3 Bd4 35. Kh1 Bxb2 36. Nf5 Qf6 37. Bxe4 Be5 38. Qg2 c4 39. Bxc6 Rxd1 40. Rxd1 Rc8 41. Be4 c3 42. Bc2 g6 43. Nxh6+ Kg7 44. g5 Qe7 45. Rf1 Rf8 46. h4 Qb4 47. Ng4 Rh8 48. Qh3 Bf4 49. Nh6 f5 50. Qf3 1-0

[Event "Titled Tuesday intern op 06th Feb Late"]
[Site "Chess.com INT"]
[Date "2024.02.06"]
[Round "3"]
[White "Krzywda, Andrzej"]
[Black "Aldokhin, Ivan"]
[Result "1/2-1/2"]
[WhiteElo "2211"]
[BlackElo "2413"]
[PlyCount "92"]
[EventDate "2024.02.06"]
[EventType "swiss (blitz)"]
[EventRounds "11"]
[EventCountry "USA"]
[SourceTitle "CB07_2024"]
[SourceDate "2024.02.14"]
[SourceVersion "1"]
[SourceVersionDate "2024.02.14"]
[SourceQuality "1"]

1. e4 c5 2. Nf3 e6 3. d4 cxd4 4. Nxd4 a6 5. c4 Qc7 6. Nc3 Nf6 7. Be2 d6 8. 0-0 Nbd7 9. f4 Be7 10. Be3 0-0 11. Rc1 b6 12. f5 Ne5 13. b3 Bd7 14. Kh1 Qb7 15. Bf3 b5 16. cxb5 axb5 17. a4 bxa4 18. bxa4 Nxf3 19. Qxf3 e5 20. Ndb5 Rxa4 21. Nxa4 Bxb5 22. Rb1 Qa6 23. Nb6 Be2 24. Ra1 Qxa1 25. Rxa1 Bxf3 26. gxf3 g6 27. Ra7 Re8 28. Bg5 Bd8 29. Nc4 d5 30. exd5 Nxd5 31. Nd6 Rf8 32. Bh6 Bb6 33. Rb7 Ra8 34. Nxf7 Bd4 35. Ng5 e4 36. Ne6 Ra1+ 37. Kg2 Ra2+ 38. Kh3 Be5 39. f4 Bf6 40. fxg6 hxg6 41. Bg5 Ra3+ 42. Kg4 Ne3+ 43. Kh4 Nf5+ 44. Kg4 Ne3+ 45. Kh4 Ng2+ 46. Kg4 Ne3+ 1/2-1/2

[Event "Titled Tuesday intern op 06th Feb Early"]
[Site "Chess.com INT"]
[Date "2024.02.06"]
[Round "9"]
[White "Krzywda, Andrzej"]
[Black "Leto, Enzo"]
[Result "1-0"]
[WhiteElo "2211"]
[BlackElo "2124"]
[PlyCount "75"]
[EventDate "2024.02.06"]
[EventType "swiss (blitz)"]
[EventRounds "11"]
[EventCountry "USA"]
[SourceTitle "CB07_2024"]
[SourceDate "2024.02.14"]
[SourceVersion "1"]
[SourceVersionDate "2024.02.14"]
[SourceQuality "1"]

1. e4 d6 2. d4 Nf6 3. Nc3 e5 4. Nf3 Nbd7 5. Bc4 Be7 6. 0-0 0-0 7. a4 c6 8. Re1 b6 9. d5 Bb7 10. dxc6 Bxc6 11. Bg5 Qc7 12. Qe2 Bb7 13. Nb5 Qb8 14. Nd2 a6 15. Nc3 Qc7 16. Nf1 Rfc8 17. Bb3 h6 18. Bxf6 Nxf6 19. Ne3 Nxe4 20. Ncd5 Qd8 21. Nxe7+ Qxe7 22. Nd5 Bxd5 23. Bxd5 Nf6 24. Bxa8 Rxa8 25. Rad1 a5 26. Qb5 Qc7 27. c3 Rd8 28. h3 g6 29. Rd2 d5 30. Rde2 e4 31. Rd1 Kg7 32. Red2 Rd6 33. Qe2 Qd7 34. Qe3 Qxa4 35. Qf4 Qd7 36. Qe5 Kh7 37. c4 Re6 38. Qb8 1-0

[Event "Titled Tuesday intern op 06th Feb Late"]
[Site "Chess.com INT"]
[Date "2024.02.06"]
[Round "5"]
[White "Krzywda, Andrzej"]
[Black "Rozman, Levy"]
[Result "0-1"]
[WhiteElo "2211"]
[BlackElo "2322"]
[PlyCount "64"]
[EventDate "2024.02.06"]
[EventType "swiss (blitz)"]
[EventRounds "11"]
[EventCountry "USA"]
[SourceTitle "CB07_2024"]
[SourceDate "2024.02.14"]
[SourceVersion "1"]
[SourceVersionDate "2024.02.14"]
[SourceQuality "1"]

1. e4 d5 2. exd5 Qxd5 3. Nc3 Qa5 4. d4 Nf6 5. Nf3 Bf5 6. Bc4 e6 7. Bd2 Bb4 8. Ne5 0-0 9. g4 Be4 10. f3 Bd5 11. Nxd5 exd5 12. Bd3 Qb6 13. c3 Bd6 14. Qb3 Nc6 15. Nxc6 bxc6 16. 0-0 c5 17. Qxb6 axb6 18. Bg5 cxd4 19. Bxf6 gxf6 20. cxd4 Ra4 21. Rfd1 Rxd4 22. Bxh7+ Kxh7 23. Rxd4 Bc5 24. Rad1 Ra8 25. Kf1 Bxd4 26. Rxd4 Rxa2 27. b4 Rb2 28. h4 c6 29. Ke1 b5 30. f4 Rc2 31. Rd2 Rc4 32. Rb2 Rxf4 0-1

[Event "Titled Tuesday intern op 09th Jan Early"]
[Site "Chess.com INT"]
[Date "2024.01.09"]
[Round "10"]
[White "Krzywda, Andrzej"]
[Black "Sasvatha, A."]
[Result "1-0"]
[WhiteElo "2234"]
[BlackElo "1749"]
[PlyCount "71"]
[EventDate "2024.01.09"]
[EventType "swiss (blitz)"]
[EventRounds "11"]
[EventCountry "USA"]
[SourceTitle "CB03_2024"]
[SourceDate "2024.01.17"]
[SourceVersion "1"]
[SourceVersionDate "2024.01.17"]
[SourceQuality "1"]

1. e4 c6 2. d4 d5 3. e5 Bf5 4. h4 h5 5. Bd3 Bxd3 6. Qxd3 e6 7. Nf3 g6 8. 0-0 Be7 9. g3 Nh6 10. Bxh6 Rxh6 11. c4 Rh8 12. Nc3 Nd7 13. Rab1 a6 14. b4 g5 15. hxg5 Bxg5 16. Kg2 h4 17. Rh1 Rg8 18. Qh7 Kf8 19. Nxh4 Bxh4 20. Rxh4 dxc4 21. Rf4 Qe7 22. Ne4 Rg7 23. Qh8+ Rg8 24. Qh6+ Rg7 25. Nd6 Qg5 26. Rxf7+ Kg8 27. Qxg5 Rxg5 28. Rxd7 Rf8 29. Rh1 b5 30. Ne4 Rgf5 31. f4 R8f7 32. Rd8+ Kg7 33. Rdh8 a5 34. Nd6 axb4 35. Ne8+ Kg6 36. R1h6# 1-0